000 00502nam a22001937a 4500
003 koha_MIRAKIL
005 20231213100253.0
008 231213b |||||||| |||| 00| 0 ||| d
020 _b978-9-75403978-8
040 _aTR-IsEVY
_btur
_cTR-IsEVY
082 _a635 HEW/D
100 _aHewitt, Sally.
245 0 _aDoğayı keşfedin
_bbahçe yapalım
260 _bTÜBİTAK Popüler Bilim Kitapları ,
_c2015
300 _a32 s.
650 _aBitkiler
650 _aHayvanlar.
942 _2ddc
_cBK
999 _c17259
_d17259